000
00341nam a2200133Ia 4500
008
240624s9999 xx 000 0 und d
041
_a
eng
082
_a
658.45 DEB
100
_a
DEBASISH SATHYA SWAROOP
245
_a
BUSINESS COMMUNICATION
260
_c
2009
_a
New Delhi
_b
PHI Learning
300
_a
xv, : 331 : p. : cm. ; 23
365
_c
RS
999
_c
21162
_d
21162